| 000 | 01432nam a2200397 c 4500 | ||
|---|---|---|---|
| 003 | BLK | ||
| 005 | 20180421000005.0 | ||
| 008 | 180411b bul|||||r ||||||| ||bul|| | ||
| 010 | _aKNG00189191000 | ||
| 020 |
_a978-1-4022-1915-3 _bиздат.: Sourcebooks |
||
| 040 | _aBLK | ||
| 041 |
_aENG _cENG |
||
| 072 | 7 |
_2bullib _aН37 _xОбразование. Педагогика Н |
|
| 080 |
_aВъзпитание у дома. Семейно възпитание _b37.018.1 _x _z37.018.1 |
||
| 080 |
_aПсихология на детската и юношеска възраст _b159.922.7/.8 _x _z159.922.7/.8 |
||
| 100 | 1 |
_aBartell, Susan _eпърви автор _94541 |
|
| 139 |
_aBartell, Susan _bB 27 |
||
| 245 | 1 | 0 |
_aThe Top 50 Questions Kids Ask _cSusan Bartell. |
| 257 | _aUSA | ||
| 260 |
_аNaperville _bSourcebooks _c2010 |
||
| 300 |
_a219 p. _c18 cm |
||
| 380 | _a3 | ||
| 650 | 4 |
_aВъзпитание в семейството _9242361 |
|
| 650 | 4 |
_aСемейни отношения _9245112 |
|
| 650 | 4 |
_aДеца - психология и възпитание _9247409 |
|
| 653 | _aродители | ||
| 653 | _aсемейно възпитание | ||
| 653 | _aдетска психология | ||
| 653 | _aдеца | ||
| 659 | _aН | ||
| 852 | _aЦб І 36832 | ||
| 856 | 4 |
_qpdf _u |
|
| 856 | 4 |
_qpdf _u |
|
| 942 |
_cKNG _n0 |
||
| 944 |
_aCR _c13.07.2016 _kВиолета_Тройчева |
||
| 944 |
_aED _c18.07.2016 _kПенка_Димитрова |
||
| 999 |
_c180340 _d180340 |
||